Statistiques concernant AirMax-Rim'k ft. Ninho

Cliquez ici pour prendre le quiz!

Statistiques générales

  • Ce quiz a été pris 417 fois
    (412 depuis la dernière actualisation)
  • Le résultat moyen est 311 sur 449

Statistiques - réponses

Réponse% Correct
à
98%
A
98%
a
98%
M
97%
Le
95%
le
95%
Air
94%
de
93%
Max
93%
TN
93%
les
91%
Les
91%
un
90%
je
89%
Je
89%
la
87%
affaires
86%
cou
86%
jsuis
86%
j'suis
86%
il
85%
J'ai
85%
j'ai
85%
mon
85%
Demain
84%
demain
84%
promis
83%
ton
83%
dans
82%
me
82%
Sur
82%
sur
82%
c'est
81%
j'arrête
81%
peau
81%
une
81%
gros
80%
pas
79%
Pas
79%
peu
79%
en
78%
gland
78%
jaune
78%
mais
78%
rouge
78%
avec
77%
lèvres
77%
reste
77%
cocaine
76%
cocaïne
76%
couilles
76%
j'fume
76%
jfume
76%
paire
75%
grosse
74%
T'inquiète
74%
bientôt
73%
cône
73%
rafale
73%
l'air
72%
te
72%
Tonton
72%
tonton
72%
volant
72%
elle
71%
sang
71%
hall
70%
mes
70%
apparaît
68%
disparaît
68%
dit
68%
moi
68%
puis
68%
lacets
67%
ville
67%
encore
66%
canne
65%
sont
64%
sous
64%
jusqu'au
63%
mouillé
63%
nez
63%
juge
62%
menotté
62%
nuit
62%
passé
62%
ta
61%
banc
60%
plaidé
60%
aimable
58%
procureur
58%
non-coupable
56%
portières
56%
rrain-te
56%
y'a
56%
280
55%
et
55%
comme
54%
si
54%
des
53%
Dortmund
52%
j'tourne
52%
on
52%
gratter
51%
Saint-Petersbourg
51%
khabat
50%
rien
50%
chez
49%
Ici
49%
j'cartonne
49%
peuf
49%
airbags
48%
cru
48%
Lamborghini
48%
mariage
48%
planche
48%
c'était
47%
que
47%
rêvé
47%
veut
47%
billets
46%
mois
46%
petits
46%
six
46%
d'un
45%
qu'à
45%
tonnes
45%
vodka
45%
bébé
44%
j'déclenche
44%
loi
44%
sors
44%
t'as
44%
Devant
43%
weed
43%
AMG
42%
bloc
42%
fuck
42%
minuit
42%
coke
41%
classe
40%
époque
40%
j'te
40%
récupère
40%
Bon
39%
faire
39%
heure
39%
pété
39%
pochettes
39%
trente
39%
vers
39%
Boeing
38%
complètement
38%
conso
37%
bande
36%
marquer
36%
stupéfiants
36%
hits
35%
organisée
35%
Saint-Honoré
35%
Faubourg
34%
banalisée
33%
caillassent
33%
trafic
33%
pour
28%
agrafées
27%
calée
27%
Ils
25%
apporter
24%
juste
24%
transpercer
24%
commissaire
22%
Kalashnikov
22%
après
21%
ont
21%
changé
20%
photos
20%
tenue
20%
Empreintes
19%
plus
19%
t'es
19%
Tony
18%
l'braco
16%
merde
16%
au
15%
Draco
15%
co-détenu
14%
quand
14%
Joue
13%
m'ont
13%
tête
13%
capot
12%
chanter
12%
d'potos
12%
enquêtes
11%
j'partage
11%
t'fait
11%
gourmettes
10%
cachot
9%
Tory
9%
j'glisse
7%
Lanez
7%

Distribution des résultats

Percentile par nombre de réponses

% des personnes avec chaque résultat

Votre développement - résultats

Vous n’avez pas pris ce quiz depuis la dernière actualisation